LEADER 01047nam a2200217 i 4500 001 000000185245 003 CaOOAMICUS 005 20100129000000.0 008 100129s1949 gw u000 u ger u 013 $a163241 040 $aSeMil$bita 245 10$aKölner Aktenstücke zur Lage der katholischen Kirche in Deutschland 1933-1945 /$cim Auftrage gesammelt und herausgegeben von Wilhelm Corsten. 260 $aKöln :$bJ. P. J. P. Bachem,$c1949. 300 $aXI, 351 p. ;$c26 cm. 650 4$aChiesa cattolica - Germania - Storia.$0(OLS)http://semarc/subject/9289 650 4$aChiesa cattolica - Germania - 1933-1945 - Documenti.$0(OLS)http://semarc/subject/34977 700 1 $aCorsten, Wilhelm.$0(OLS)http://semarc/name/68050 850 $aSeMil 852 $aSeMil$W1$xVenegono$y1$m3E IV 118$j135936$B135936$CSeMilBibl$Z2$F147499 $81 996 $6245$aKölner Aktenstücke zur Lage der katholischen Kirche in Deutschland 1933-1945$9(OLS)http://semarc/title/266141 996 $6260$aKöln :$bJ. P. J. P. Bachem$9(OLS)http://semarc/publisher/49833 LEADER 01111nam a2200265 i 4500 001 000000119310 003 CaOOAMICUS 005 20031023000000.0 008 031023s2000 it u000 u ita u 013 $a92003 020 $a88-384-4825-6 040 $aSeMil$bita 100 1 $aPeloso, Flavio,$d<1952- >.$0(OLS)http://semarc/name/17783 245 10$aSi può essere felici :$bvita di Frate Ave Maria /$cFlavio Peloso. 260 $aCasale Monferrato (AL) :$bPiemme,$c2000. 300 $a204 p., [8] p. di tav. ;$c21 cm. 500 $aContiene : Bibliografia. - Fondo Card. C.M. Martini. 650 4$aPisano, Cesare .$0(OLS)http://semarc/subject/22340 850 $aSeMil 852 $aSeMil$W1$xVenegono$y1$m3J IV 64$j74541$B74541$CSeMilBibl$Z2$F90927 $81 941 1 $a4 961 $aOmaggio: Martini Card. Carlo Maria 996 $6020$a88-384-4825-6$9(OLS)http://semarc/number/104163 996 $6245$aSi può essere felici :$bvita di Frate Ave Maria$9(OLS)http://semarc/title/175337 996 $6260$aCasale Monferrato (AL) :$bPiemme$9(OLS)http://semarc/publisher/30052